000 00790nam a22002057a 4500
999 _c4561
_d4561
001 12458
003 BD-DhUAP
005 20201112154721.0
008 201112s20031996bg ||||| |||| 001 0 ben d
020 _a9844460344
040 _aBD-DhUAP
_bBen
_cBD-DhUAP
_dBD-DhUAP
082 _223
_a930 SHA
100 _aশাহনাওয়াজ, এ. কে. এম.
245 _aবিশ্বসভ্যতা :
_bপ্রাচীন যুগ /
_cএ. কে. এম. শাহনাওয়াজ।
250 _a২য় সং.।
260 _aঢাকা :
_bপ্রতীক,
_cc১৯৯৬ [মুদ্রিত ২০০৩]।
300 _a২৪০ পৃষ্ঠা :
_bচিত্র ;
_c২২ সেমি.।
650 _aAncient civilization.
942 _2ddc
_cBK